| 000 | 01093nam a22002537a 4500 | ||
|---|---|---|---|
| 005 | 20170124103115.0 | ||
| 010 | _aA-995145 | ||
| 020 |
_c200.00 _a8188727651 |
||
| 035 | _aA-995145 | ||
| 037 | _bCen Lib/Ret | ||
| 040 |
_aDPL _bHN |
||
| 082 |
_a302.2 _bहरिमो |
||
| 100 |
_aहरिमोहन _980614 |
||
| 245 |
_aआधुनिक जनसंचार और हिन्दी / _cहरिमोहन |
||
| 246 |
_aAdhunik jansanchar aur hindi / _bby Harimohan |
||
| 260 |
_aनई दिल्ली _bतक्षशिला प्रकाशन _c2000 |
||
| 270 |
_bनई दिल्ली _e110002 _a23/4761, अंसारी रोड, दरियागंज |
||
| 300 |
_a191पृ. : _c20सेमी(सजिल्द) _bसचित्र |
||
| 650 |
_aसंचार -- प्रक्रिया _92243 |
||
| 650 |
_aआधुनिक जनसंचार -- माध्यम _97272 |
||
| 650 |
_acommunication process _980615 |
||
| 650 |
_aModern Mass - Medium _980616 |
||
| 942 |
_2ddc _cHN _h302.2 _mहरिमो |
||
| 999 |
_c118513 _d118513 |
||